Zavádzanie princípov štíhlej výroby podporované komplexným informačným systémom diplomová práca

Salvato in:
Dettagli Bibliografici
Autore principale: Andrejco, Viliam
Ente Autore: Podnikovohospodárska fakulta EU so sídlom v Košiciach. Katedra manažmentu
Altri autori: Dugas, Jaroslav, 1967-
Natura: Libro
Lingua:slovacco
Pubblicazione: Košice 2013
Tags: Aggiungi Tag
Nessun Tag, puoi essere il primo ad aggiungerne!!

MARC

LEADER 00000nbm a2200000 4500
001 0170174
005 20170315090436.5
041 0 |a slo 
044 |a SK 
245 1 0 |a Zavádzanie princípov štíhlej výroby podporované komplexným informačným systémom  |b diplomová práca  |c Viliam Andrejco ; školiteľ: Jaroslav Dugas 
264 1 |a Košice  |c 2013 
300 |a 85 s. 
100 1 |a Andrejco, Viliam 
700 1 |a Dugas, Jaroslav, 1967- 
710 2 |a Podnikovohospodárska fakulta EU so sídlom v Košiciach. Katedra manažmentu